[Event "Dutch Treat"]
[Site "SchemingMind.com"]
[Date "2006.09.01"]
[Round "-"]
[White "Dr_Pat"]
[Black "Tonberry"]
[Result "0-1"]
[WhiteCountry "USA"]
[BlackCountry "USA"]
[WhiteElo "1490"]
[WhiteRD "48"]
[BlackElo "2247"]
[BlackRD "142"]
[GameID "66215"]

1. d4 f5 2. e4 fxe4 3. Nc3 Nf6 4. Bg5 Nc6 5. d5 Ne5 6. Qd4 Nf7 7. f3 Nxg5 8. fxe4 c6 9. dxc6 dxc6 10. Qxd8+ Kxd8
11. Be2 Ngxe4 12. Nf3 Nxc3 13. bxc3 Ke8 14. O-O Bg4 15. h3 Bxf3 16. Bxf3 Rd8 17. Rab1 Rd7 18. c4 e5 19. Rb3 Bc5+ 20. Kh1 h5
21. Rd3 Rxd3 22. cxd3 h4 23. Re1 Bd4
0-1

[Event "Dutch Treat"]
[Site "SchemingMind.com"]
[Date "2006.09.02"]
[Round "-"]
[White "jlowrey"]
[Black "Tonberry"]
[Result "0-1"]
[WhiteCountry "USA"]
[BlackCountry "USA"]
[WhiteElo "1662"]
[WhiteRD "70"]
[BlackElo "2247"]
[BlackRD "142"]
[GameID "66216"]

1. d4 f5 2. Nf3 e6 3. b3 Nc6 4. Bb2 Bb4+ 5. c3 Be7 6. Qc2 Bf6 7. e3 Nge7 8. Bd3 d6 9. O-O g5 10. e4 g4
11. Nfd2 f4 12. f3 g3 13. h3 e5 14. d5 Nb8 15. b4 Ng6 16. Bb5+ c6 17. dxc6 bxc6 18. Ba4 Bxh3 19. gxh3 Qb6+ 20. Kh1 Qa6
21. c4 Qc8 22. Nb3 Qxh3+ 23. Kg1 Nh4 24. Rd1 Nxf3#
0-1

[Event "Dutch Treat"]
[Site "SchemingMind.com"]
[Date "2006.09.02"]
[Round "-"]
[White "Count_Aleksander"]
[Black "Tonberry"]
[Result "0-1"]
[WhiteCountry "USA"]
[BlackCountry "USA"]
[WhiteElo "1901"]
[WhiteRD "104"]
[BlackElo "2247"]
[BlackRD "142"]
[GameID "66217"]

1. d4 f5 2. c4 Nf6 3. Nc3 e6 4. Bg5 Be7 5. g3 O-O 6. Bg2 d6 7. Qb3 Nc6 8. Nf3 Na5 9. Qa4 b6 10. Nd2 Bd7
11. Qc2 Rb8 12. e3 Qe8 13. b4 Nb7 14. O-O Qh5 15. h4 h6 16. Bf3 Qg6 17. Bxf6 Bxf6 18. Kh2 c5 19. Ne2 Qe8 20. b5 Qc8
21. Rac1 e5 22. Bd5+ Kh8 23. Nb3 cxd4 24. exd4 f4 25. Qe4 Bf5 26. Qg2 Nd8 27. c5 bxc5 28. a4 Bd3 29. Rfe1 Bxe2 30. Rxe2 exd4
31. Qf3 fxg3+ 32. fxg3 Qd7 33. Rce1 Nf7 34. Bc6 Qc7 35. Bd5 Ne5 36. Qh5 d3
0-1

[Event "Dutch Treat"]
[Site "SchemingMind.com"]
[Date "2006.09.02"]
[Round "-"]
[White "Chess Tiger"]
[Black "Brerrabbit"]
[Result "1-0"]
[WhiteCountry "GER"]
[BlackCountry "SCO"]
[WhiteElo "2300"]
[WhiteRD "69"]
[BlackElo "1318"]
[BlackRD "73"]
[GameID "66373"]

1. d4 f5 2. e4 fxe4 3. Nc3 Nf6 4. Bg5 Nc6 5. d5 Ne5 6. Qd4 d6 7. O-O-O Nf7 8. Bxf6 exf6 9. Qxe4+ Be7 10. Re1 f5
11. Qe3 O-O 12. Qxe7 Qxe7 13. Rxe7 c6 14. Nf3 cxd5 15. Nxd5 b5 16. Bxb5 Rb8 17. Rxa7 Bb7 18. Bc4 Ne5 19. Nxe5 dxe5 20. Nf6+ Kh8
21. Nd7 Bxg2 22. Rg1 Be4 23. Nxf8 Rxf8 24. Raxg7
1-0

[Event "Dutch Treat"]
[Site "SchemingMind.com"]
[Date "2006.09.02"]
[Round "-"]
[White "Chess Tiger"]
[Black "kryspin11"]
[Result "1-0"]
[WhiteCountry "GER"]
[BlackCountry "POL"]
[WhiteElo "2360"]
[WhiteRD "64"]
[BlackElo "2030"]
[BlackRD "88"]
[GameID "66374"]

1. d4 f5 2. g3 e6 3. c4 Nf6 4. Bg2 c6 5. Nf3 d5 6. O-O Be7 7. b3 O-O 8. Ba3 b5 9. c5 Ne4 10. Nbd2 Nd7
11. Bb2 a5 12. a3 Qe8 13. Qc2 Qh5 14. Rfe1 Ndf6 15. Ne5 Bb7 16. a4 b4 17. Nf1 Bd8 18. f3 Ng5 19. Bc1 Nf7 20. Nxf7 Qxf7
21. Bf4 Be7 22. e4 dxe4 23. fxe4 Nh5 24. exf5 Nxf4 25. gxf4 exf5 26. Ne3 Rad8 27. d5 Bh4 28. Red1 cxd5 29. c6 Qe6 30. Nxf5 Bxc6
31. Nxh4 Rxf4 32. Nf3 Qf6 33. Ne5 Ba8 34. Qc7 Qg5 35. Kh1 Re8 36. Nc6 Rf2 37. Rg1 d4 38. Qd7 Re5 39. Qxd4 Ref5 40. Rac1 Rxg2
41. Qc4+ Kh8 42. Rxg2 Qh6 43. Re2 Rf8 44. Ree1 Qh5 45. Qe4 h6 46. Kg1 Rc8 47. Qg2 Re8 48. Rxe8+ Qxe8 49. Qf3 Bb7 50. Kf2 Ba8
51. Rc4 Bb7 52. Rc5 Qg8 53. Rf5 Bxc6 54. Qxc6 Qxb3 55. Rf8+ Kh7 56. Qe4+
1-0

[Event "Dutch Treat"]
[Site "SchemingMind.com"]
[Date "2006.09.02"]
[Round "-"]
[White "Chess Tiger"]
[Black "Louis Lima"]
[Result "1-0"]
[WhiteCountry "GER"]
[BlackCountry "ESP"]
[WhiteElo "2301"]
[WhiteRD "74"]
[BlackElo "1657"]
[BlackRD "49"]
[GameID "66375"]

1. d4 f5 2. g3 Nf6 3. Bg2 g6 4. Nh3 Bg7 5. Nf4 e6 6. h4 c5 7. dxc5 Qa5+ 8. c3 Qxc5 9. Be3 Qb5 10. Qb3 Qxb3
11. axb3 a6 12. Na3 d5 13. Nb5 Kd7 14. Nxe6 Bf8 15. Nec7
1-0

[Event "Dutch Treat"]
[Site "SchemingMind.com"]
[Date "2006.09.02"]
[Round "-"]
[White "Chess Tiger"]
[Black "Dr_Pat"]
[Result "1-0"]
[WhiteCountry "GER"]
[BlackCountry "USA"]
[WhiteElo "2301"]
[WhiteRD "74"]
[BlackElo "1490"]
[BlackRD "48"]
[GameID "66376"]

1. d4 f5 2. e4 fxe4 3. Nc3 Nf6 4. Bg5 Nc6 5. d5 Ne5 6. Qd4 Nf7 7. Bxf6 exf6 8. O-O-O f5 9. f3 exf3 10. Nxf3 b6
11. Re1+ Be7 12. Qxg7 Bb7 13. Nh4 d6 14. Bb5+ c6 15. dxc6
1-0

[Event "Dutch Treat"]
[Site "SchemingMind.com"]
[Date "2006.09.02"]
[Round "-"]
[White "Chess Tiger"]
[Black "jlowrey"]
[Result "1-0"]
[WhiteCountry "GER"]
[BlackCountry "USA"]
[WhiteElo "2300"]
[WhiteRD "69"]
[BlackElo "1662"]
[BlackRD "74"]
[GameID "66377"]

1. d4 f5 2. g3 Nf6 3. Bg2 e6 4. Nh3 c6 5. Nf4 Qc7 6. O-O d5 7. c4 b6 8. cxd5 cxd5 9. Nc3 Bd7 10. Nd3 Bd6
11. f3 O-O 12. e4 fxe4 13. fxe4 Bxg3 14. hxg3 Qxg3 15. Rf3 Qg6 16. Ne5 Qe8 17. exd5 exd5 18. Nxd5 Bg4 19. Nxg4 Nxd5 20. Rxf8+
1-0

[Event "Dutch Treat"]
[Site "SchemingMind.com"]
[Date "2006.09.02"]
[Round "-"]
[White "Chess Tiger"]
[Black "Tonberry"]
[Result "1-0"]
[WhiteCountry "GER"]
[BlackCountry "USA"]
[WhiteElo "2360"]
[WhiteRD "64"]
[BlackElo "2073"]
[BlackRD "134"]
[GameID "66378"]

1. d4 f5 2. g3 Nf6 3. Bg2 g6 4. Nh3 Bg7 5. Nf4 Nc6 6. d5 Ne5 7. Nc3 c6 8. e4 fxe4 9. Nxe4 Nxe4 10. Bxe4 cxd5
11. Bxd5 e6 12. Bg2 O-O 13. h4 d5 14. c3 Bd7 15. O-O Rf7 16. Be3 Qc7 17. h5 Nc4 18. hxg6 hxg6 19. Bd4 Bxd4 20. Qxd4 e5
21. Nxd5 exd4 22. Nxc7 Rc8 23. Nd5 dxc3 24. bxc3 Kg7 25. Rfe1 Bg4 26. Re4 Bf5 27. Rd4 Nb6 28. Nxb6 axb6 29. Rb4 Rxc3 30. Rxb6 Rcc7
31. a4 Rfe7 32. Rb4
1-0

[Event "Dutch Treat"]
[Site "SchemingMind.com"]
[Date "2006.09.02"]
[Round "-"]
[White "Chess Tiger"]
[Black "Count_Aleksander"]
[Result "1-0"]
[WhiteCountry "GER"]
[BlackCountry "USA"]
[WhiteElo "2301"]
[WhiteRD "74"]
[BlackElo "1901"]
[BlackRD "104"]
[GameID "66379"]

1. d4 f5 2. g3 Nf6 3. Bg2 e6 4. c4 d5 5. Nf3 c6 6. O-O Bd6 7. b3 Nbd7 8. Ba3 Bc7 9. Ng5 Nf8 10. Nc3 h6
11. Nf3 N8d7 12. Qc2 g5 13. cxd5 cxd5 14. Rac1 Ba5 15. Nb5 Kf7 16. Nd6+ Kg6 17. Ne5+ Nxe5 18. dxe5 Ng4 19. e4 dxe4 20. Nxe4 Nxe5
21. Rfd1 Qe8 22. Nd6 Qe7 23. Nc4
1-0

[Event "Dutch Treat"]
[Site "SchemingMind.com"]
[Date "2006.09.05"]
[Round "-"]
[White "Brerrabbit"]
[Black "Chess Tiger"]
[Result "0-1"]
[WhiteCountry "SCO"]
[BlackCountry "GER"]
[WhiteElo "1315"]
[WhiteRD "71"]
[BlackElo "2301"]
[BlackRD "74"]
[GameID "66380"]

1. d4 f5 2. g3 Nf6 3. Bg2 g6 4. Nf3 Bg7 5. Ng5 O-O 6. Nc3 d5 7. O-O Nc6 8. Bf4 Ne4 9. Nxd5 Qxd5 10. Qd3 Qxd4
11. Rfd1 Qxf2+ 12. Kh1 Qb6 13. Qd5+ e6 14. Nxe6 Nf2+ 15. Kg1 Nh3+ 16. Kh1 Qg1+ 17. Rxg1 Nf2#
0-1

[Event "Dutch Treat"]
[Site "SchemingMind.com"]
[Date "2006.09.03"]
[Round "-"]
[White "kryspin11"]
[Black "Chess Tiger"]
[Result "1/2-1/2"]
[WhiteCountry "POL"]
[BlackCountry "GER"]
[WhiteElo "2030"]
[WhiteRD "88"]
[BlackElo "2360"]
[BlackRD "64"]
[GameID "66381"]

1. d4 f5 2. g3 Nf6 3. Bg2 g6 4. Nf3 Bg7 5. O-O O-O 6. c4 d6 7. Nc3 Qe8 8. d5 Na6 9. Rb1 Bd7 10. b4 c6
11. Be3 Ng4 12. Bd4 Bxd4 13. Qxd4 c5 14. bxc5 Nxc5 15. e4 fxe4 16. Ng5 e3 17. fxe3 Ne5 18. Qh4 h5 19. Qd4 Rc8 20. Rf4 Bf5
21. e4 Bg4 22. h3 Bd7 23. Bf1 Rf6 24. Be2 Qf8 25. Qe3 Qh6 26. h4 a6 27. Rbf1 Qg7 28. Nb1 Bg4 29. Bxg4 Nxg4 30. Qd4 Ne5
31. Nd2 Ncd3 32. Rxf6 exf6 33. Ne6 Qe7 34. Qa7 Nc5 35. Nxc5 Rxc5 36. a4 Kg7 37. Nb3 Rxc4 38. Nd4 Kg8 39. Rb1 Rxd4 40. Rxb7 Rd1+
41. Kf2 Ng4+ 42. Ke2 Qxe4+ 43. Kxd1 Qd3+=
1/2-1/2

[Event "Dutch Treat"]
[Site "SchemingMind.com"]
[Date "2006.09.02"]
[Round "-"]
[White "Louis Lima"]
[Black "Chess Tiger"]
[Result "0-1"]
[WhiteCountry "ESP"]
[BlackCountry "GER"]
[WhiteElo "1682"]
[WhiteRD "55"]
[BlackElo "2300"]
[BlackRD "69"]
[GameID "66382"]

1. d4 f5 2. c4 Nf6 3. Nc3 e6 4. Nf3 Bb4 5. a3 Bxc3+ 6. bxc3 O-O 7. a4 Ne4 8. Qc2 b6 9. Nd2 Nxd2 10. Qxd2 Nc6
11. e3 Bb7 12. f3 d6 13. Bd3 Na5 14. Rb1 Ba6 15. Qe2 d5 16. cxd5 Bxd3 17. Qxd3 exd5 18. O-O Qe7 19. Rb4 Rae8 20. Ba3 Qxe3+
21. Qxe3 Rxe3 22. Rbb1 Nc4 23. Bxf8 Kxf8 24. Rfc1 f4 25. Kf2 Rd3 26. Rb4 Rd2+ 27. Kg1 Ne3 28. Re1 a5 29. Rxe3 axb4
0-1

[Event "Dutch Treat"]
[Site "SchemingMind.com"]
[Date "2006.09.02"]
[Round "-"]
[White "Dr_Pat"]
[Black "Chess Tiger"]
[Result "0-1"]
[WhiteCountry "USA"]
[BlackCountry "GER"]
[WhiteElo "1490"]
[WhiteRD "48"]
[BlackElo "2301"]
[BlackRD "74"]
[GameID "66383"]

1. d4 f5 2. e4 fxe4 3. Nc3 Nf6 4. Bg5 c6 5. f3 exf3 6. Nxf3 d5 7. Bd3 e6 8. O-O Bd6 9. a3 O-O 10. Ne5 Nbd7
11. Nxd7 Bxd7 12. Kh1 e5 13. dxe5 Bxe5 14. Qe1 Qc7 15. Bf5 Bxf5 16. Rxf5 Ng4 17. Rxf8+ Rxf8 18. Rb1 Nf2+ 19. Kg1 Bxh2+
0-1

[Event "Dutch Treat"]
[Site "SchemingMind.com"]
[Date "2006.09.03"]
[Round "-"]
[White "jlowrey"]
[Black "Chess Tiger"]
[Result "0-1"]
[WhiteCountry "USA"]
[BlackCountry "GER"]
[WhiteElo "1618"]
[WhiteRD "72"]
[BlackElo "2311"]
[BlackRD "70"]
[GameID "66384"]

1. d4 f5 2. g3 Nf6 3. Bg2 g6 4. Bf4 Bg7 5. Qd2 Ne4 6. Bxe4 fxe4 7. Bh6 Bf6 8. g4 Nc6 9. c3 e6 10. g5 Be7
11. f3 d5 12. Na3 Bxa3 13. bxa3 Qd6 14. Qb2 Qf4 15. h4 Qg3+ 16. Kd2 e5 17. Qb5 Qg2 18. Nh3 Bxh3 19. Qxd5 e3+ 20. Kxe3 Rd8
21. Qb5 exd4+ 22. cxd4 Kf7 23. Qc4+ Be6 24. d5 Rxd5 25. Qf4+ Bf5 26. Qc4 Re8+ 27. Kf4 Re4+ 28. Qxe4 Bxe4 29. fxe4 Rd4
0-1

[Event "Dutch Treat"]
[Site "SchemingMind.com"]
[Date "2006.09.02"]
[Round "-"]
[White "Tonberry"]
[Black "Chess Tiger"]
[Result "0-1"]
[WhiteCountry "USA"]
[BlackCountry "GER"]
[WhiteElo "2057"]
[WhiteRD "133"]
[BlackElo "2358"]
[BlackRD "66"]
[GameID "66385"]

1. d4 f5 2. Bg5 h6 3. Bh4 g5 4. e4 Nf6 5. e5 e6 6. exf6 Qxf6 7. Qh5+ Qf7 8. Qxf7+ Kxf7 9. Bg3 f4 10. Nc3 fxg3
11. hxg3 Bg7 12. O-O-O d6 13. Nf3 a6 14. g4 Nd7 15. Ne4 b5 16. Bd3 Bb7 17. Rhe1 Rae8 18. c3 Rhf8 19. Bc2 Kg8 20. Bb3 Nb6
21. Ng3 Nc4 22. Bc2 Bxf3 23. gxf3 Rxf3 24. Bg6 Ref8 25. Rxe6 Rxf2 26. Re7 Nxb2 27. Rh1 Na4 28. Nh5 Bf6 29. Rxc7 Rf3 30. Kd2 Rf2+
31. Ke3 Rxa2
0-1

[Event "Dutch Treat"]
[Site "SchemingMind.com"]
[Date "2006.09.02"]
[Round "-"]
[White "Count_Aleksander"]
[Black "Chess Tiger"]
[Result "0-1"]
[WhiteCountry "USA"]
[BlackCountry "GER"]
[WhiteElo "1901"]
[WhiteRD "104"]
[BlackElo "2301"]
[BlackRD "74"]
[GameID "66386"]

1. d4 f5 2. h3 Nf6 3. Bf4 e6 4. e3 c5 5. g4 cxd4 6. exd4 Nc6 7. gxf5 Qb6 8. fxe6 Qxb2 9. exd7+ Bxd7 10. Nd2 Nxd4
11. Bd3 Bc6 12. Rh2 Qb4 13. Be3 Bc5 14. Rb1 Qc3 15. Kf1 O-O 16. Ne2 Nxe2 17. Qxe2 Rae8 18. Kg1 Bxe3 19. fxe3 Qc5 20. Nf1 Re5
21. Rf2 Rg5+ 22. Kh2 Qe5+ 23. Rf4 Nd5 24. Bc4 Rxf4 25. exf4 Qxf4+ 26. Kh1 Kf8 27. Bb5 Nc3+
0-1

[Event "Dutch Treat"]
[Site "SchemingMind.com"]
[Date "2006.09.07"]
[Round "-"]
[White "the_tissues"]
[Black "Louis Lima"]
[Result "0-1"]
[WhiteCountry "AUS"]
[BlackCountry "ESP"]
[WhiteElo "1252"]
[WhiteRD "185"]
[BlackElo "1657"]
[BlackRD "49"]
[GameID "67082"]

1. d4 f5 2. e3 c5 3. dxc5 Qa5+ 4. b4 Qxb4+ 5. c3 Qxc5 6. Qf3 Nc6 7. h4 Nf6 8. Bd3 Ne5 9. Ba3 Nxf3+ 10. Nxf3 Qd5
11. Ke2 b6 12. Rh3 Ba6 13. c4 Bxc4 14. Bxc4 Qxc4+ 15. Ke1 Ne4 16. Nbd2 Qc3 17. Bb4 Qxb4 18. Rd1 Rc8 19. Ne5 Rc2 20. Rg3 Rxd2
21. Rxd2 Qxd2+
0-1

[Event "Dutch Treat"]
[Site "SchemingMind.com"]
[Date "2006.09.07"]
[Round "-"]
[White "the_tissues"]
[Black "Dr_Pat"]
[Result "0-1"]
[WhiteCountry "AUS"]
[BlackCountry "USA"]
[WhiteElo "1252"]
[WhiteRD "185"]
[BlackElo "1490"]
[BlackRD "48"]
[GameID "67083"]

1. d4 f5 2. Nf3 Nf6 3. h4 e6 4. Rh3 Bd6 5. g3 O-O 6. Ng5 c5 7. dxc5 Bxc5 8. e3 d5 9. h5 Nc6 10. h6 g6
11. e4 Ng4 12. f3 Bf2+ 13. Ke2 Nd4+ 14. Kd3 dxe4+ 15. fxe4 Nf3+ 16. Ke2 Ng1#
0-1

[Event "Dutch Treat"]
[Site "SchemingMind.com"]
[Date "2006.09.07"]
[Round "-"]
[White "Louis Lima"]
[Black "the_tissues"]
[Result "1-0"]
[WhiteCountry "ESP"]
[BlackCountry "AUS"]
[WhiteElo "1725"]
[WhiteRD "67"]
[BlackElo "1174"]
[BlackRD "167"]
[GameID "67090"]

1. d4 f5 2. e4 e6 3. exf5 exf5 4. Bc4 b5 5. Bxb5 c6 6. Qh5+ g6 7. Qe2+ Be7 8. Bd3 a5 9. Bg5 Nf6 10. Bxf6 Rf8
11. Bxe7 Qxe7 12. Nc3 Ra7 13. Qxe7+ Kxe7 14. O-O-O Rf6 15. Nf3 Re6 16. Ng5 Rd6 17. Rhe1+ Re6 18. Nxe6 dxe6 19. d5 cxd5 20. Nxd5+ Ke8
21. Nb6 Bb7 22. Rxe6+ Kf7 23. Bc4
1-0

[Event "Dutch Treat"]
[Site "SchemingMind.com"]
[Date "2006.09.08"]
[Round "-"]
[White "am4chess"]
[Black "Brerrabbit"]
[Result "1-0"]
[WhiteCountry "PHI"]
[BlackCountry "SCO"]
[WhiteElo "1689"]
[WhiteRD "91"]
[BlackElo "1318"]
[BlackRD "73"]
[GameID "67224"]

1. d4 f5 2. c4 Nf6 3. Nc3 e6 4. e3 d5 5. cxd5 exd5 6. Nf3 Bb4 7. Bd2 Nc6 8. Bd3 Qe7 9. a3 Bxc3 10. Bxc3 f4
11. O-O fxe3 12. h3 Nh5 13. Ne5 Nxe5 14. dxe5 Nf4 15. fxe3 d4 16. exf4 dxc3 17. Qh5+ Kd8 18. Rad1 Qc5+ 19. Kh1 Bd7 20. Bf5
1-0

[Event "Dutch Treat"]
[Site "SchemingMind.com"]
[Date "2006.09.08"]
[Round "-"]
[White "am4chess"]
[Black "Chess Tiger"]
[Result "0-1"]
[WhiteCountry "PHI"]
[BlackCountry "GER"]
[WhiteElo "1689"]
[WhiteRD "91"]
[BlackElo "2300"]
[BlackRD "69"]
[GameID "67225"]

1. d4 f5 2. c4 Nf6 3. Nc3 g6 4. Nf3 Bg7 5. Bd2 O-O 6. g3 c5 7. d5 d6 8. Bg2 Na6 9. a3 Qb6 10. O-O Ne4
11. Qc2 Nxd2 12. Nxd2 f4 13. Rab1 Bd7 14. Nce4 Rab8 15. b3 Qa5 16. Qc1 b5 17. Nf3 Nc7 18. Nfd2 Qa6 19. Ng5 bxc4 20. Qxc4 Qxa3
21. Nde4 h6 22. Ne6 Rb4 23. Qc2 Nxe6 24. dxe6 Bxe6 25. Nd2 Bf5 26. Bd5+ Kh7 27. Qd1 Rd4 28. Nc4 Rxd1 29. Nxa3 Rxd5 30. Rbe1 Bh3
31. e4 Rd3
0-1

[Event "Dutch Treat"]
[Site "SchemingMind.com"]
[Date "2006.09.08"]
[Round "-"]
[White "am4chess"]
[Black "kryspin11"]
[Result "0-1"]
[WhiteCountry "PHI"]
[BlackCountry "POL"]
[WhiteElo "1680"]
[WhiteRD "90"]
[BlackElo "1932"]
[BlackRD "85"]
[GameID "67226"]

1. d4 f5 2. c4 Nf6 3. Nc3 e6 4. a3 Be7 5. Nf3 O-O 6. d5 Ne4 7. g3 Bf6 8. Bd2 d6 9. Bg2 Na6 10. Qc2 Bd7
11. Nxe4 fxe4 12. Qxe4 Nc5 13. Qc2 exd5 14. cxd5 Qe8 15. Bc3 Ba4 16. Qd2 Ne4 17. Qd3 Bb5 18. Qc2 Nxc3 19. bxc3 Bxc3+ 20. Kd1 Bxa1
21. Ng5 Ba4 22. Kd2 Bxc2 23. Rxa1 Bg6 24. Ne6 Rxf2 25. Bf3 Qb5 26. Rc1 Rxf3 27. exf3 Qxd5+
0-1

[Event "Dutch Treat"]
[Site "SchemingMind.com"]
[Date "2006.09.08"]
[Round "-"]
[White "am4chess"]
[Black "Louis Lima"]
[Result "1-0"]
[WhiteCountry "PHI"]
[BlackCountry "ESP"]
[WhiteElo "1753"]
[WhiteRD "105"]
[BlackElo "1657"]
[BlackRD "49"]
[GameID "67227"]

1. d4 f5 2. e3 Nf6 3. c4 c5 4. d5 d6 5. Nc3 g6 6. b3 Bg7 7. Bb2 O-O 8. Qc2 Nbd7 9. Bd3 Ne5 10. Nf3 Nxd3+
11. Qxd3 h6 12. O-O-O Ng4 13. Rhf1 Qa5 14. Kb1 Bd7 15. Ka1 a6 16. h3
1-0

[Event "Dutch Treat"]
[Site "SchemingMind.com"]
[Date "2006.09.08"]
[Round "-"]
[White "am4chess"]
[Black "Dr_Pat"]
[Result "1-0"]
[WhiteCountry "PHI"]
[BlackCountry "USA"]
[WhiteElo "1753"]
[WhiteRD "105"]
[BlackElo "1490"]
[BlackRD "48"]
[GameID "67228"]

1. d4 f5 2. c4 g6 3. Nc3 Bg7 4. e3 Nf6 5. Nf3 O-O 6. Bd2 b6 7. g3 Bb7 8. Bg2 c5 9. d5 d6 10. Ng5 Qd7
11. Ne6 Re8 12. O-O a6 13. e4 fxe4 14. Re1 b5 15. b3 b4 16. Nxe4 Nxe4 17. Rxe4 Bxa1 18. Qxa1 a5 19. Qg7#
1-0

[Event "Dutch Treat"]
[Site "SchemingMind.com"]
[Date "2006.09.08"]
[Round "-"]
[White "am4chess"]
[Black "jlowrey"]
[Result "0-1"]
[WhiteCountry "PHI"]
[BlackCountry "USA"]
[WhiteElo "1689"]
[WhiteRD "91"]
[BlackElo "1662"]
[BlackRD "74"]
[GameID "67229"]

1. d4 f5 2. c4 e6 3. Nf3 Nf6 4. e3 c6 5. Ne5 Bb4+ 6. Bd2 Bxd2+ 7. Nxd2 Qa5 8. a3 d6 9. Nd3 O-O 10. b4 Qc7
11. Be2 b6 12. O-O c5 13. Nf4 d5 14. cxd5 exd5 15. Bf3 Qd6 16. bxc5 bxc5 17. dxc5 Qxc5 18. Qb3 Rd8 19. Nxd5 Nxd5 20. Rac1 Qa5
21. Nb1 Be6 22. Qb7 Na6 23. Rc6 Nc5 24. Rc7 Nxb7 25. Rxb7 Rab8 26. Bxd5 Bxd5 27. Re7 Bc4 28. h3 Bxf1
0-1

[Event "Dutch Treat"]
[Site "SchemingMind.com"]
[Date "2006.09.08"]
[Round "-"]
[White "am4chess"]
[Black "Tonberry"]
[Result "0-1"]
[WhiteCountry "PHI"]
[BlackCountry "USA"]
[WhiteElo "1689"]
[WhiteRD "91"]
[BlackElo "2265"]
[BlackRD "139"]
[GameID "67230"]

1. d4 f5 2. c4 Nf6 3. Nc3 e6 4. a3 Be7 5. e3 O-O 6. Nf3 b6 7. d5 Bb7 8. Be2 Ne4 9. O-O Nxc3 10. bxc3 Na6
11. dxe6 dxe6 12. Nd4 Nc5 13. a4 e5 14. Nf3 Bd6 15. Ba3 Qf6 16. Qc2 Rad8 17. Bxc5 Be4 18. Bxd6 Bxc2 19. Bxe5 Qe7 20. Bd4 Be4
21. Ne5 c5 22. Rfe1 cxd4 23. cxd4 f4 24. exf4 Rxf4 25. Nc6 Bxc6 26. Bf3 Qb7 27. d5 Be8 28. d6 Rxf3 29. gxf3 Qxf3 30. Rad1 Bc6
31. Kf1 Bxa4 32. Rd2 Qh1+ 33. Ke2 Re8+ 34. Kd3 Qxe1
0-1

[Event "Dutch Treat"]
[Site "SchemingMind.com"]
[Date "2006.09.08"]
[Round "-"]
[White "am4chess"]
[Black "Count_Aleksander"]
[Result "1-0"]
[WhiteCountry "PHI"]
[BlackCountry "USA"]
[WhiteElo "1689"]
[WhiteRD "91"]
[BlackElo "1869"]
[BlackRD "95"]
[GameID "67231"]

1. d4 f5 2. c4 Nf6 3. Nc3 e6 4. a3 b6 5. Bg5 Bb7 6. e3 d6 7. h3 Be7 8. d5 Nxd5 9. cxd5 Bxg5 10. Nf3 Bf6
11. Bc4 e5 12. O-O Nd7 13. e4 f4 14. Bb5 O-O 15. b4 a5 16. Rc1 Qe7 17. Qe2 g5 18. Qc4 Rfc8 19. Rc2 h5 20. Rfc1 Nf8
21. g4 Qh7 22. Kg2 Kg7 23. Bc6 Ba6 24. b5
1-0

[Event "Dutch Treat"]
[Site "SchemingMind.com"]
[Date "2006.09.08"]
[Round "-"]
[White "am4chess"]
[Black "the_tissues"]
[Result "1-0"]
[WhiteCountry "PHI"]
[BlackCountry "AUS"]
[WhiteElo "1570"]
[WhiteRD "83"]
[BlackElo "1174"]
[BlackRD "173"]
[GameID "67232"]

1. d4 f5 2. c4 e6 3. Nc3 Qf6 4. e3 Nc6 5. Nf3 b6 6. a3 a5 7. Be2 b5 8. Nxb5 Ra6 9. Nxc7+ Kd8 10. Nxa6 Bxa6
11. Qa4 f4 12. Bd2
1-0

[Event "Dutch Treat"]
[Site "SchemingMind.com"]
[Date "2006.09.08"]
[Round "-"]
[White "Brerrabbit"]
[Black "am4chess"]
[Result "0-1"]
[WhiteCountry "SCO"]
[BlackCountry "PHI"]
[WhiteElo "1318"]
[WhiteRD "73"]
[BlackElo "1689"]
[BlackRD "91"]
[GameID "67233"]

1. d4 f5 2. g3 Nf6 3. Bg2 d6 4. Nf3 Nc6 5. Nc3 e6 6. Bg5 h6 7. Bxf6 Qxf6 8. d5 exd5 9. Nxd5 Qf7 10. O-O Be6
11. Nh4 g5 12. Ng6 Rg8 13. Nxf8 Rxf8 14. e4 fxe4 15. Bxe4 O-O-O 16. c4 Bh3 17. Bg2 Qe6 18. Re1 Qd7 19. Bxh3 Qxh3 20. Qe2 Nd4
21. Qe7 Qd7 22. Qxd7+ Rxd7 23. Re4 Nf3+ 24. Kg2 Rdf7 25. Rae1 Nxe1+ 26. Rxe1 Rxf2+ 27. Kh3 Rxb2 28. Re6 Rff2 29. Kg4 Rxh2 30. Nf6 b6
31. Re8+ Kb7 32. Kf5 Rxa2 33. Re7 Rac2 34. Nd5 Rxc4 35. Ne3 Rc5+ 36. Kg4 h5+ 37. Kf3 Rc3 38. Rg7 g4+ 39. Kf4 Rf2+ 40. Ke4 Re2
0-1

[Event "Dutch Treat"]
[Site "SchemingMind.com"]
[Date "2006.09.08"]
[Round "-"]
[White "Chess Tiger"]
[Black "am4chess"]
[Result "1-0"]
[WhiteCountry "GER"]
[BlackCountry "PHI"]
[WhiteElo "2300"]
[WhiteRD "69"]
[BlackElo "1689"]
[BlackRD "91"]
[GameID "67234"]

1. d4 f5 2. g3 d6 3. Bg2 Nd7 4. Nh3 h6 5. Nf4 Nb6 6. Ng6 Rh7 7. a4 Nf6 8. a5 Nbd7 9. Qd3 e6 10. O-O Be7
11. Nc3 Nf8 12. Nxe7 Qxe7 13. e4 fxe4 14. Nxe4 Nxe4 15. Bxe4 Rh8 16. a6 c6 17. axb7 Bxb7 18. Re1 a6 19. Qb3 d5 20. Bd3 Nh7
21. Rxe6 Qxe6 22. Qxb7 Qe1+ 23. Kg2 Rd8 24. Bg6+ Kf8 25. Qf7#
1-0

[Event "Dutch Treat"]
[Site "SchemingMind.com"]
[Date "2006.09.08"]
[Round "-"]
[White "kryspin11"]
[Black "am4chess"]
[Result "1-0"]
[WhiteCountry "POL"]
[BlackCountry "PHI"]
[WhiteElo "1932"]
[WhiteRD "85"]
[BlackElo "1680"]
[BlackRD "90"]
[GameID "67235"]

1. d4 f5 2. c4 Nf6 3. g3 c6 4. Nf3 d6 5. b3 g6 6. Bg2 Bg7 7. Nc3 O-O 8. O-O Nbd7 9. Qc2 Re8 10. Ng5 e5
11. d5 cxd5 12. cxd5 e4 13. Ne6 Qe7 14. Nc7 Nb6 15. Nxa8 Nbxd5 16. Bg5 Be6 17. Nxd5 Bxd5 18. Nc7 Bc6 19. Nxe8 Qxe8 20. Rac1 Nd5
21. Qd2 Qe6 22. Bh6 Be5 23. f3 Qf6 24. fxe4 Nc3 25. exf5 Bxg2 26. Kxg2 gxf5 27. e4 Nxe4 28. Qd5+ Kh8 29. Rc8+
1-0

[Event "Dutch Treat"]
[Site "SchemingMind.com"]
[Date "2006.09.08"]
[Round "-"]
[White "Louis Lima"]
[Black "am4chess"]
[Result "0-1"]
[WhiteCountry "ESP"]
[BlackCountry "PHI"]
[WhiteElo "1657"]
[WhiteRD "49"]
[BlackElo "1753"]
[BlackRD "105"]
[GameID "67236"]

1. d4 f5 2. b3 Nf6 3. Nf3 d6 4. Bg5 Nbd7 5. Nbd2 h6 6. Bxf6 Nxf6 7. c4 c6 8. e3 g5 9. Bd3 Bg7 10. Qc2 e6
11. e4 O-O 12. O-O f4 13. e5 dxe5 14. dxe5 Nd7 15. Rfe1= Rf7 16. Bg6 Rf8
0-1

[Event "Dutch Treat"]
[Site "SchemingMind.com"]
[Date "2006.09.08"]
[Round "-"]
[White "Dr_Pat"]
[Black "am4chess"]
[Result "0-1"]
[WhiteCountry "USA"]
[BlackCountry "PHI"]
[WhiteElo "1507"]
[WhiteRD "53"]
[BlackElo "1689"]
[BlackRD "91"]
[GameID "67237"]

1. d4 f5 2. e4 fxe4 3. Nc3 Nf6 4. Bg5 d5 5. f3 Bf5 6. fxe4 dxe4 7. Bxf6 exf6 8. Bc4 c6 9. Nge2 a5 10. O-O b5
11. Nxb5 cxb5 12. Bxb5+ Nd7 13. Rxf5 Rb8 14. Qd2 Be7 15. Bxd7+ Qxd7 16. Qxa5 O-O 17. b3 Rfc8 18. Rd5 Qg4 19. Nc3 Bb4 20. Qa7 Bxc3
21. Rf1 Rd8 22. Rxd8+ Rxd8 23. Qc7 Bxd4+ 24. Kh1 Rd7 25. Qc8+ Kf7 26. h3 Qe6 27. c3 e3 28. cxd4 e2 29. Re1 Kg6 30. Qc2+ f5
31. Rxe2 Qa6 32. g4 Qb7+ 33. Kg1 Qd5 34. gxf5+ Kf6 35. Re6+ Kf7 36. Qd3 Qa5 37. a4 Qd5 38. Re5 Qxe5 39. dxe5 Rxd3 40. e6+ Kf6
0-1